000 01104nam a22003257a 4500
003 CHAP
005 20220329141049.0
008 971013s1991 r 00010 d
010 _a62095
011 _a63067
035 _a67243
040 _cCHAP
082 _a080
_bS45Y v.5
100 0 0 _aGibilisco, Stan.
_947873
245 _aIlusiones ópticas
_b: rompecabezas, paradojas y enigmas
260 _aMéxico, D. F. :
_bMcGraw-Hill,
_c1991
300 _a147 p.
_b: ilus.
490 _aSerie McGraw-Hill de divulgación científica
_v; 5
590 _aBATCH-UPD
_b10
_c20130110
_lUCH01
_h0335
590 _aBATCH-UPD
_b10
_c20130110
_lUCH01
_h2319
590 _aBATCH-UPD
_b10
_c20130410
_lUCH01
_h0008
590 _aBATCH-UPD
_b10
_c20130410
_lUCH01
_h1609
590 _aBATCH-UPD
_b10
_c20130914
_lUCH01
_h1851
590 _aCONVERSION
_b10
_c20130109
_lUCH01
_h1333
650 1 4 _aOptica física.
_983383
830 0 _aSerie McGraw-Hill de divulgación científica
_v; 5
_9104963
901 _aBK
942 _cLIBRO
949 _a080 S45Y v.5
_bBC
_cLIBRO
_d33724000627964
_eLIBRO
_gI. c/e
_h91575
_i67243
_si
_t59.00
999 _c62095
_d62095